00366nam a2200133 a 45000010010000000030011000100080041000210350026000620820018000881000017001062450037001232600048001606500024002080000-8626ELIB.Books110520 1980  a(ELIB.Books)0000-8772 a268.434 bFow aFowler, Ruth aThe Woman I am in a Hungry World bBirmingham: Woman's Missionary Union c1980 aChristian Education